[Event "5. Torneo IRT Móstoles 2012"]
[Site "Madrid ESP"]
[Date "2012.07.21"]
[Round "3.15"]
[White "Sotoca Aguado, Jose"]
[Black "Tevar Sanz, Gonzalo"]
[Result "1/2-1/2"]
[WhiteElo "1992"]
[BlackElo "1849"]
[PlyCount "63"]
[EventDate "2012.07.19"]
[EventType "swiss"]
[EventRounds "9"]
[EventCountry "ESP"]
[Source "lmi"]
[SourceDate "2012.07.19"]

1. d4 Nf6 2. Nf3 g6 3. g3 c5 4. c3 cxd4 5. cxd4 Bg7 6. Bg2 O-O 7. Nc3 d5 8. O-O
Nc6 9. e3 Bf5 10. Nh4 Bg4 11. Qb3 Na5 12. Qb4 b6 13. h3 Be6 14. b3 Qc8 15. Bd2
Bxh3 16. Qxe7 Bxg2 17. Kxg2 Re8 18. Qd6 Ne4 19. Nxe4 dxe4 20. Qd5 Qg4 21. f3
exf3+ 22. Qxf3 Qxf3+ 23. Nxf3 Nb7 24. Rac1 Rac8 25. Ng5 Nd6 26. Bb4 Nf5 27.
Rxc8 Rxc8 28. Kf3 a5 29. Bd2 Rc2 30. Rd1 Rxa2 31. g4 Nd6 32. Ne4 1/2-1/2

[Event "5. Torneo IRT Móstoles 2012"]
[Site "Madrid ESP"]
[Date "2012.07.22"]
[Round "4.1"]
[White "Collado Barbas, Laura"]
[Black "Almagro Llamas, Pablo"]
[Result "0-1"]
[WhiteElo "2118"]
[BlackElo "2465"]
[PlyCount "118"]
[EventDate "2012.07.19"]
[EventType "swiss"]
[EventRounds "9"]
[EventCountry "ESP"]
[Source "lmi"]
[SourceDate "2012.07.19"]

1. d4 Nf6 2. c4 c5 3. d5 b5 4. cxb5 a6 5. bxa6 Bxa6 6. Nc3 d6 7. Nf3 g6 8. g3
Bg7 9. Bg2 Nbd7 10. Rb1 O-O 11. O-O Qa5 12. Bd2 Rfb8 13. b3 Qa3 14. Ne1 Ne8 15.
Nc2 Qa5 16. Na4 Qd8 17. Nc3 Qa5 18. Na4 Qb5 19. Re1 Bc8 20. Na3 Qa6 21. Nc4 Nc7
22. Bc3 Bxc3 23. Nxc3 Qa7 24. Qd2 Ba6 25. Ne3 Nb5 26. Nxb5 Bxb5 27. a4 Ba6 28.
h4 Rb6 29. Rb2 Rab8 30. Reb1 Qb7 31. Qc3 Nf6 32. g4 Rb4 33. g5 Nh5 34. Bf3 Rxh4
35. Ng4 Ng7 36. Kg2 Qd7 37. Nh6+ Kf8 38. Rh1 Rxh1 39. Kxh1 Qh3+ 40. Kg1 Rb4 41.
Qd2 Nf5 42. Bg2 Qh4 43. e4 Nd4 44. Qe3 f6 45. gxf6 exf6 46. Qh3 Qxh3 47. Bxh3
Kg7 48. Ng4 Bc8 49. Kg2 c4 50. Ne3 Bxh3+ 51. Kxh3 c3 52. Ra2 Rxb3 53. Kg2 Rb2
54. Ra3 c2 55. Rc3 Ra2 56. a5 f5 57. exf5 gxf5 58. a6 f4 59. Ng4 Rxa6 0-1

[Event "5. Torneo IRT Móstoles 2012"]
[Site "Madrid ESP"]
[Date "2012.07.22"]
[Round "4.2"]
[White "De la Fuente Gonzalez, Francisco"]
[Black "Garcia Diaz, Victor"]
[Result "1/2-1/2"]
[WhiteElo "2184"]
[BlackElo "2162"]
[PlyCount "49"]
[EventDate "2012.07.19"]
[EventType "swiss"]
[EventRounds "9"]
[EventCountry "ESP"]
[Source "lmi"]
[SourceDate "2012.07.19"]

1. Nf3 Nf6 2. c4 e6 3. g3 b6 4. Bg2 Bb7 5. O-O c5 6. Nc3 Be7 7. d4 cxd4 8. Qxd4
Nc6 9. Qf4 Rc8 10. b3 Bb4 11. Bb2 Ne7 12. Nb5 Ng6 13. Nd6+ Bxd6 14. Qxd6 Qe7
15. Rad1 Qxd6 16. Rxd6 Bc6 17. Ne5 Nxe5 18. Bxe5 Bxg2 19. Kxg2 Ke7 20. Rfd1
Rhd8 21. R6d4 Ne8 22. Rh4 h6 23. Bb2 d6 24. Rhd4 e5 25. Rd5 1/2-1/2

[Event "5. Torneo IRT Móstoles 2012"]
[Site "Madrid ESP"]
[Date "2012.07.22"]
[Round "4.3"]
[White "Cabañas Bravo, Juan Andres"]
[Black "Renteria, Jorge"]
[Result "0-1"]
[WhiteElo "2061"]
[BlackElo "2326"]
[PlyCount "56"]
[EventDate "2012.07.19"]
[EventType "swiss"]
[EventRounds "9"]
[EventCountry "ESP"]
[Source "lmi"]
[SourceDate "2012.07.19"]

1. e4 c5 2. Nf3 d6 3. d4 cxd4 4. Nxd4 Nf6 5. Nc3 a6 6. Bg5 e6 7. f4 h6 8. Bxf6
Qxf6 9. Qd2 Nc6 10. Nxc6 bxc6 11. O-O-O Qd8 12. g4 Be7 13. h4 Rb8 14. Bc4 d5
15. exd5 cxd5 16. Bb3 Bxh4 17. Qh2 Be7 18. g5 Rb4 19. Bxd5 Qc7 20. Rhf1 Bxg5
21. Bc6+ Kf8 22. Be4 Bf6 23. a3 Rxb2 24. Kxb2 Qxc3+ 25. Kc1 Qe3+ 26. Rd2 Qxe4
27. Qg1 Kg8 28. f5 Bg5 0-1

[Event "5. Torneo IRT Móstoles 2012"]
[Site "Madrid ESP"]
[Date "2012.07.22"]
[Round "4.4"]
[White "Bolado Saez, Sergio"]
[Black "Ramos Aldoradin, John Paul"]
[Result "1-0"]
[WhiteElo "2386"]
[BlackElo "2176"]
[PlyCount "75"]
[EventDate "2012.07.19"]
[EventType "swiss"]
[EventRounds "9"]
[EventCountry "ESP"]
[Source "lmi"]
[SourceDate "2012.07.19"]

1. d4 f5 2. c4 Nf6 3. Nc3 g6 4. Bf4 Bg7 5. e3 O-O 6. h4 d6 7. Qb3 e6 8. Be2 h6
9. O-O-O Qe7 10. Qa3 a5 11. c5 Rd8 12. Nf3 Nc6 13. Bc4 Nb4 14. Qb3 Ng4 15. Bg3
b6 16. a3 d5 17. Bb5 bxc5 18. axb4 axb4 19. Na2 Ra5 20. Be2 Bd7 21. dxc5 Ba4
22. Qxb4 Qxc5+ 23. Qxc5 Rxc5+ 24. Nc3 Bxd1 25. Rxd1 e5 26. Nd2 Rb8 27. Kc2 d4
28. Bc4+ Kh7 29. exd4 exd4 30. Na4 Rc6 31. b3 Be5 32. Bxe5 Nxe5 33. Re1 Ng4 34.
Re7+ Kh8 35. Nf3 Rd6 36. Nc5 Nxf2 37. Ne5 d3+ 38. Ncxd3 1-0

[Event "5. Torneo IRT Móstoles 2012"]
[Site "Madrid ESP"]
[Date "2012.07.22"]
[Round "4.5"]
[White "Ramos Del Campo, Alexander"]
[Black "Vega Gomez, Francisco Borja"]
[Result "0-1"]
[WhiteElo "2078"]
[BlackElo "2225"]
[PlyCount "104"]
[EventDate "2012.07.19"]
[EventType "swiss"]
[EventRounds "9"]
[EventCountry "ESP"]
[Source "lmi"]
[SourceDate "2012.07.19"]

1. e4 d5 2. exd5 Nf6 3. Bb5+ Nbd7 4. Nf3 Nxd5 5. d4 g6 6. O-O Bg7 7. Re1 O-O 8.
Nbd2 N7b6 9. Nb3 Bg4 10. c3 a5 11. Nc5 c6 12. Be2 Bxf3 13. Bxf3 Qc7 14. Bxd5
Nxd5 15. a4 b6 16. Nd3 Rad8 17. Qf3 c5 18. Nf4 e6 19. dxc5 bxc5 20. Rd1 Nb6 21.
Be3 Rxd1+ 22. Qxd1 Nc4 23. Qe2 Nxe3 24. Qxe3 Rd8 25. g3 e5 26. Nd3 c4 27. Qc5
Qc8 28. Qxc8 Rxc8 29. Nc1 Rb8 30. Rb1 e4 31. Ne2 f5 32. h4 Kf7 33. Kf1 h6 34.
Ke1 g5 35. hxg5 hxg5 36. Kf1 Be5 37. Kg2 f4 38. f3 g4 39. gxf4 gxf3+ 40. Kf2
Bd6 41. Nd4 Bxf4 42. b4 cxb3 43. Rxb3 Kf6 44. Rb5 Rxb5 45. Nxb5 Kf5 46. Nd4+
Kg4 47. c4 e3+ 48. Kg1 Be5 49. Nc2 Kf4 50. c5 Ke4 51. Kf1 Bg3 52. c6 e2+ 0-1

[Event "5. Torneo IRT Móstoles 2012"]
[Site "Madrid ESP"]
[Date "2012.07.22"]
[Round "4.6"]
[White "Gomez Ferrer, Jesus"]
[Black "Fernandez Blazquez, Diego"]
[Result "1/2-1/2"]
[WhiteElo "1942"]
[BlackElo "2190"]
[PlyCount "53"]
[EventDate "2012.07.19"]
[EventType "swiss"]
[EventRounds "9"]
[EventCountry "ESP"]
[Source "lmi"]
[SourceDate "2012.07.19"]

1. Nf3 Nf6 2. c4 e6 3. g3 b6 4. Bg2 Bb7 5. O-O c5 6. Nc3 Be7 7. d4 cxd4 8. Qxd4
d6 9. Rd1 a6 10. b3 Nbd7 11. e4 Qc7 12. Ba3 Nc5 13. Bxc5 dxc5 14. Qe3 Ng4 15.
Qe1 O-O 16. h3 Nf6 17. Rd3 Rad8 18. Rad1 Rxd3 19. Rxd3 Rd8 20. Qe2 h6 21. Ne1
g5 22. Rxd8+ Bxd8 23. Nd3 Nd7 24. e5 Bxg2 25. Kxg2 Nf8 26. h4 Ng6 27. h5
1/2-1/2

[Event "5. Torneo IRT Móstoles 2012"]
[Site "Madrid ESP"]
[Date "2012.07.22"]
[Round "4.7"]
[White "Arbunic Castro, Giovanna"]
[Black "Pindado Campos, Raul"]
[Result "1-0"]
[WhiteElo "2098"]
[BlackElo "1928"]
[PlyCount "109"]
[EventDate "2012.07.19"]
[EventType "swiss"]
[EventRounds "9"]
[EventCountry "ESP"]
[Source "lmi"]
[SourceDate "2012.07.19"]

1. e4 e6 2. d4 d5 3. exd5 exd5 4. Nc3 Nc6 5. Bb5 Nf6 6. Bg5 Be7 7. Nge2 O-O 8.
O-O Bf5 9. Nf4 h6 10. Bxf6 Bxf6 11. Bxc6 bxc6 12. Na4 Be7 13. Nd3 Bd6 14. Qh5
Qf6 15. Rad1 Qxd4 16. Qxf5 Qxa4 17. Rfe1 Qxc2 18. Rc1 Qd2 19. Rxc6 Rae8 20.
Rec1 Re2 21. R6c2 Qxc2 22. Rxc2 Rxc2 23. Qxd5 Re8 24. g4 Rd2 25. Qc4 Ree2 26.
Kg2 Be7 27. Kg3 Bf6 28. Kf3 Rc2 29. Qd5 g6 30. Qa8+ Kh7 31. Qxa7 Bxb2 32. a4
Red2 33. Nxb2 Rxb2 34. a5 Rdc2 35. h4 Ra2 36. h5 g5 37. Qe3 Kg8 38. Qa7 Kh7 39.
Kg3 Ra3+ 40. Kg2 Raa2 41. Qe3 Re2 42. Qf3 Kg7 43. a6 Rec2 44. Qf5 Re2 45. Kf1
Reb2 46. a7 Ra1+ 47. Kg2 Rba2 48. Qe5+ Kg8 49. Qf6 Rxa7 50. Qxh6 R1a5 51. Qf6
R7a6 52. Qd8+ Kg7 53. Qxc7 Rd5 54. Qc3+ Kg8 55. Qc8+ 1-0

[Event "5. Torneo IRT Móstoles 2012"]
[Site "Madrid ESP"]
[Date "2012.07.22"]
[Round "4.8"]
[White "Tipter, Napoleon"]
[Black "Panero Cabrero, Gregorio"]
[Result "0-1"]
[WhiteElo "2076"]
[BlackElo "1895"]
[PlyCount "44"]
[EventDate "2012.07.19"]
[EventType "swiss"]
[EventRounds "9"]
[EventCountry "ESP"]
[Source "lmi"]
[SourceDate "2012.07.19"]

1. e4 e6 2. d4 d5 3. Nc3 Bb4 4. e5 c5 5. Qg4 Ne7 6. Qxg7 Rg8 7. Qxh7 cxd4 8. a3
Qa5 9. axb4 Qxa1 10. Nce2 Nbc6 11. Nf3 Bd7 12. b5 Qa5+ 13. Kd1 Qxb5 14. Nexd4
Qb6 15. Nb5 O-O-O 16. Qd3 Nf5 17. Bg5 Rxg5 18. Nxg5 Qxf2 19. Nxf7 Ne3+ 20. Qxe3
Qxe3 21. Nxd8 Kxd8 22. h4 Nxe5 0-1

[Event "5. Torneo IRT Móstoles 2012"]
[Site "Madrid ESP"]
[Date "2012.07.22"]
[Round "4.9"]
[White "Esteve Sanchez, Sergio"]
[Black "Tolosana Esteban, Enrique"]
[Result "1-0"]
[WhiteElo "2053"]
[BlackElo "1744"]
[PlyCount "55"]
[EventDate "2012.07.19"]
[EventType "swiss"]
[EventRounds "9"]
[EventCountry "ESP"]
[Source "lmi"]
[SourceDate "2012.07.19"]

1. b3 b6 2. Bb2 Bb7 3. e3 e6 4. c4 f5 5. Nf3 Nf6 6. Be2 Be7 7. O-O O-O 8. Nc3
c5 9. d4 d6 10. dxc5 dxc5 11. Nb5 Qc8 12. Nd6 Bxd6 13. Qxd6 Rd8 14. Qg3 Nbd7
15. Rfd1 Rf8 16. Ng5 Qe8 17. Bf3 Bxf3 18. Nxf3 Rd8 19. Qc7 Rc8 20. Qxa7 e5 21.
Qa4 Rc7 22. Rd6 e4 23. Ng5 Ne5 24. Qxe8 Rxe8 25. Bxe5 Rxe5 26. Rad1 h6 27. Ne6
Kf7 28. Nxc7 1-0

[Event "5. Torneo IRT Móstoles 2012"]
[Site "Madrid ESP"]
[Date "2012.07.22"]
[Round "4.10"]
[White "Lopez Heras, Arturo"]
[Black "Fernandez Garcia, Javier"]
[Result "1-0"]
[WhiteElo "1926"]
[BlackElo "2051"]
[PlyCount "55"]
[EventDate "2012.07.19"]
[EventType "swiss"]
[EventRounds "9"]
[EventCountry "ESP"]
[Source "lmi"]
[SourceDate "2012.07.19"]

1. e4 e6 2. d4 d5 3. e5 c5 4. c3 Qb6 5. Nf3 Nc6 6. a3 Bd7 7. Be2 Rc8 8. O-O
cxd4 9. cxd4 Nge7 10. Nc3 Nf5 11. Na4 Qd8 12. Nc5 Ncxd4 13. Nxd4 Nxd4 14. Qxd4
Bxc5 15. Qg4 Bf8 16. Be3 a6 17. Rac1 Bc6 18. f4 f5 19. exf6 Qxf6 20. Rfd1 Bd6
21. Rxd5 Rd8 22. Bd4 Qf7 23. Rg5 h5 24. Qh3 Bxf4 25. Rxg7 Qf5 26. Qh4 Qf8 27.
Bxh5+ Rxh5 28. Qxh5+ 1-0

[Event "5. Torneo IRT Móstoles 2012"]
[Site "Madrid ESP"]
[Date "2012.07.22"]
[Round "4.11"]
[White "Lozano Sanchez, Jose Antonio"]
[Black "Lopez de Turiso, Jose Angel"]
[Result "0-1"]
[WhiteElo "1863"]
[BlackElo "2044"]
[PlyCount "100"]
[EventDate "2012.07.19"]
[EventType "swiss"]
[EventRounds "9"]
[EventCountry "ESP"]
[Source "lmi"]
[SourceDate "2012.07.19"]

1. e4 c5 2. Nf3 Nc6 3. Bc4 e6 4. Nc3 Nf6 5. d3 d5 6. exd5 exd5 7. Bb5 Be7 8. h3
O-O 9. O-O Qc7 10. Bg5 Be6 11. Re1 h6 12. Bh4 d4 13. Ne4 Nxe4 14. Rxe4 Bxh4 15.
Nxh4 Bd5 16. Re1 g6 17. Qg4 Kh7 18. Nf3 Rae8 19. Bxc6 Bxc6 20. Qg3 Qxg3 21.
fxg3 Rxe1+ 22. Rxe1 Re8 23. Re5 b6 24. Kf2 Kg7 25. g4 Kf6 26. Rxe8 Bxe8 27. Nd2
Bc6 28. Kg3 Ke5 29. Nf3+ Ke6 30. Kf4 g5+ 31. Kg3 b5 32. a3 a5 33. b3 Bd5 34.
Kf2 Kd6 35. Ke2 Ke6 36. Kf2 f5 37. gxf5+ Kxf5 38. Nd2 h5 39. Nf1 h4 40. Nh2 a4
41. bxa4 bxa4 42. Nf3 Kf4 43. Ne1 g4 44. hxg4 Kxg4 45. Kf1 Kg3 46. Kg1 Bc6 47.
Kf1 Bxg2+ 48. Nxg2 h3 49. Nh4 h2 50. Nf5+ Kh3 0-1

[Event "5. Torneo IRT Móstoles 2012"]
[Site "Madrid ESP"]
[Date "2012.07.22"]
[Round "4.12"]
[White "Nieto Esteban, Manuel"]
[Black "Gal, Eugen"]
[Result "0-1"]
[WhiteElo "1802"]
[BlackElo "2030"]
[PlyCount "42"]
[EventDate "2012.07.19"]
[EventType "swiss"]
[EventRounds "9"]
[EventCountry "ESP"]
[Source "lmi"]
[SourceDate "2012.07.19"]

1. g3 d5 2. Bg2 c5 3. Nf3 Nc6 4. O-O e5 5. d3 h6 6. c4 Nf6 7. cxd5 Nxd5 8. Nbd2
Be6 9. Nc4 Qc7 10. a4 Be7 11. Bd2 Rd8 12. a5 O-O 13. Qc1 Bf6 14. Bc3 Nxc3 15.
bxc3 e4 16. Nfd2 exd3 17. e4 Ne5 18. Nxe5 Qxe5 19. Ra3 c4 20. f4 Qc7 21. Qb1
Qc5+ 0-1

[Event "5. Torneo IRT Móstoles 2012"]
[Site "Madrid ESP"]
[Date "2012.07.22"]
[Round "4.13"]
[White "Lysyy, Petro"]
[Black "Fuentes Arjona, Antonio"]
[Result "0-1"]
[WhiteElo "1797"]
[BlackElo "1999"]
[PlyCount "140"]
[EventDate "2012.07.19"]
[EventType "swiss"]
[EventRounds "9"]
[EventCountry "ESP"]
[Source "lmi"]
[SourceDate "2012.07.19"]

1. d4 Nf6 2. c4 c5 3. Nf3 cxd4 4. Nxd4 g6 5. Nc3 Nc6 6. Nf3 Bg7 7. e4 d6 8. Be2
O-O 9. h3 Qa5 10. O-O Be6 11. a3 Rac8 12. Be3 Qd8 13. Nd2 Nd7 14. Rc1 b6 15. b4
Nd4 16. Bxd4 Bxd4 17. Nb5 Bf6 18. Nxa7 Ra8 19. Nb5 Ne5 20. f4 Nc6 21. Nf3 Bb2
22. Qb3 Bxc1 23. Rxc1 Qd7 24. Rd1 Rfc8 25. Nfd4 Nxd4 26. Nxd4 b5 27. Qg3 Bxc4
28. Bg4 e6 29. Kh2 Qe7 30. f5 Rc7 31. fxe6 fxe6 32. e5 dxe5 33. Qxe5 Ra6 34.
Nxb5 Bxb5 35. Qxb5 Rd6 36. Re1 Rd5 37. Qb8+ Rd8 38. Bxe6+ Kg7 39. Qb6 Qd6+ 40.
Qxd6 Rxd6 41. Bg4 Ra7 42. Re3 Rda6 43. b5 Rxa3 44. Re5 Rb3 45. Bf3 Kf6 46. Rc5
Re7 47. Bc6 Re5 48. Rc2 h5 49. Rf2+ Rf5 50. Ra2 g5 51. Ra6 Ke5 52. Rb6 g4 53.
hxg4 hxg4 54. Bd7 Rh5+ 55. Kg1 g3 56. Re6+ Kd4 57. Re1 Re5 58. Ra1 Rbe3 59. Rf1
Re1 60. b6 R5e2 61. b7 Rxf1+ 62. Kxf1 Rf2+ 63. Ke1 Rb2 64. Bc8 Kd3 65. Bf5+ Ke3
66. Kd1 Rxb7 67. Kc2 Rf7 68. Bh3 Kf2 69. Kd3 Rf4 70. Kc3 Rh4 0-1

[Event "5. Torneo IRT Móstoles 2012"]
[Site "Madrid ESP"]
[Date "2012.07.22"]
[Round "4.14"]
[White "Pablos Tenrero, Raquel"]
[Black "Salgado Duarte, Pablo"]
[Result "1-0"]
[WhiteElo "1960"]
[BlackElo "1566"]
[PlyCount "45"]
[EventDate "2012.07.19"]
[EventType "swiss"]
[EventRounds "9"]
[EventCountry "ESP"]
[Source "lmi"]
[SourceDate "2012.07.19"]

1. e4 e5 2. Nf3 d6 3. d4 exd4 4. Nxd4 Nf6 5. Nc3 Bd7 6. Bf4 Be7 7. Qd2 Nc6 8.
O-O-O a6 9. f3 Nh5 10. Be3 Nxd4 11. Qxd4 c5 12. Qd2 Nf6 13. g4 h6 14. Bf4 Bc6
15. Qe3 Qd7 16. e5 g5 17. Bg3 Qe6 18. Bc4 d5 19. Rhe1 Nd7 20. Nxd5 Bxd5 21.
Bxd5 Qb6 22. e6 fxe6 23. Bxe6 1-0

[Event "5. Torneo IRT Móstoles 2012"]
[Site "Madrid ESP"]
[Date "2012.07.22"]
[Round "4.15"]
[White "Morera Rodriguez, Ignacio"]
[Black "Rosa Ramirez, Victor D"]
[Result "0-1"]
[WhiteElo "1786"]
[BlackElo "1944"]
[PlyCount "76"]
[EventDate "2012.07.19"]
[EventType "swiss"]
[EventRounds "9"]
[EventCountry "ESP"]
[Source "lmi"]
[SourceDate "2012.07.19"]

1. d4 d5 2. c4 e6 3. Nc3 c6 4. Nf3 dxc4 5. e3 b5 6. a4 Bb4 7. Bd2 a5 8. Rb1 Bd7
9. g3 Na6 10. Bg2 Rc8 11. Ne5 Nf6 12. axb5 Nb8 13. bxc6 Nxc6 14. Nxd7 Qxd7 15.
O-O O-O 16. Ne4 Nxe4 17. Bxe4 Ne7 18. Bxb4 axb4 19. Qh5 f5 20. Bg2 Nd5 21. Rfc1
c3 22. bxc3 Nxc3 23. Ra1 b3 24. Rxc3 Rxc3 25. Qe2 Rfc8 26. Qb2 Qb5 27. Bf1 Qb4
28. d5 Rc2 29. Qe5 Qd2 30. Qxe6+ Kh8 31. Qxf5 b2 32. Ra7 Qxf2+ 33. Qxf2 Rxf2
34. Rb7 Rxf1+ 35. Kxf1 Rc1+ 36. Kf2 b1=Q 37. Rxb1 Rxb1 38. e4 Kg8 0-1

[Event "5. Torneo IRT Móstoles 2012"]
[Site "Madrid ESP"]
[Date "2012.07.23"]
[Round "5.1"]
[White "Almagro Llamas, Pablo"]
[Black "Bolado Saez, Sergio"]
[Result "0-1"]
[WhiteElo "2465"]
[BlackElo "2386"]
[PlyCount "78"]
[EventDate "2012.07.19"]
[EventType "swiss"]
[EventRounds "9"]
[EventCountry "ESP"]
[Source "lmi"]
[SourceDate "2012.07.19"]

1. c4 Nf6 2. Nf3 c6 3. Nc3 d5 4. e3 g6 5. d4 Bg7 6. Be2 O-O 7. O-O a6 8. h3 b5
9. b3 Nbd7 10. Qc2 Bb7 11. Rd1 Qc7 12. Bb2 Rab8 13. a4 bxc4 14. bxc4 c5 15.
Nxd5 Nxd5 16. cxd5 Bxd5 17. Rdc1 Qb7 18. Ba3 cxd4 19. exd4 Rfc8 20. Qd3 Rxc1+
21. Rxc1 Nf8 22. Qxa6 Bxf3 23. gxf3 Qd7 24. Qc4 Bh6 25. Rd1 Rc8 26. Qd3 Ne6 27.
Bf1 Nf4 28. Qb5 Nxh3+ 29. Kg2 Qe6 30. d5 Qf6 31. Qd7 Rc3 32. Qxh3 Rxa3 33. Bb5
Bf4 34. Rd3 Ra2 35. Qc8+ Kg7 36. Qc3 Be5 37. Qc4 Ra1 38. Bd7 Qg5+ 39. Qg4 Qc1
0-1

[Event "5. Torneo IRT Móstoles 2012"]
[Site "Madrid ESP"]
[Date "2012.07.23"]
[Round "5.2"]
[White "Renteria, Jorge"]
[Black "De la Fuente Gonzalez, Francisco"]
[Result "1/2-1/2"]
[WhiteElo "2326"]
[BlackElo "2184"]
[PlyCount "100"]
[EventDate "2012.07.19"]
[EventType "swiss"]
[EventRounds "9"]
[EventCountry "ESP"]
[Source "lmi"]
[SourceDate "2012.07.19"]

1. d4 d5 2. c4 c6 3. Nf3 Nf6 4. Nc3 a6 5. e3 b5 6. b3 Bg4 7. Qc2 e6 8. Ne5 Bf5
9. Bd3 Bxd3 10. Qxd3 Bd6 11. f4 b4 12. Ne2 Ne4 13. O-O f6 14. Nf3 a5 15. a3 Na6
16. cxd5 exd5 17. Ng3 Nxg3 18. hxg3 O-O 19. e4 bxa3 20. e5 Nb4 21. Qe2 Re8 22.
Bxa3 Qb6 23. Kh2 c5 24. Bxb4 cxb4 25. Qd3 Be7 26. Rfc1 Rac8 27. Qf5 Rxc1 28.
Rxc1 fxe5 29. Nxe5 Qf6 30. Qd7 Rd8 31. Rc8 Rxc8 32. Qxd5+ Kh8 33. Nf7+ Kg8 34.
Nd6+ Kh8 35. Nxc8 Bf8 36. Qxa5 Qxd4 37. Nb6 h6 38. Qa8 Qxb6 39. Qxf8+ Kh7 40.
Qf5+ Kh8 41. Qe5 Kh7 42. Kh3 Qc6 43. Qf5+ Kg8 44. Kh2 Qc3 45. Qd5+ Kh7 46. g4
Qe1 47. Qd3+ Kh8 48. Qg3 Qc3 49. g5 hxg5 50. fxg5 Kh7 1/2-1/2

[Event "5. Torneo IRT Móstoles 2012"]
[Site "Madrid ESP"]
[Date "2012.07.23"]
[Round "5.3"]
[White "Vega Gomez, Francisco Borja"]
[Black "Garcia Diaz, Victor"]
[Result "1-0"]
[WhiteElo "2225"]
[BlackElo "2162"]
[PlyCount "133"]
[EventDate "2012.07.19"]
[EventType "swiss"]
[EventRounds "9"]
[EventCountry "ESP"]
[Source "lmi"]
[SourceDate "2012.07.19"]

1. Nf3 Nf6 2. g3 b6 3. Bg2 Bb7 4. O-O e6 5. c4 c5 6. Nc3 Be7 7. Re1 d5 8. cxd5
Nxd5 9. e4 Nf6 10. d4 cxd4 11. Nxd4 O-O 12. Be3 e5 13. Nf5 Bb4 14. Bg5 Nbd7 15.
Qf3 Re8 16. Rad1 Re6 17. Nxg7 Kxg7 18. Bxf6+ Rxf6 19. Qg4+ Rg6 20. Qxd7 Qxd7
21. Rxd7 Bc8 22. Rd5 Be6 23. Rxe5 Bxa2 24. Rc1 Bb3 25. Nd5 Bc5 26. Ne7 Re6 27.
Nf5+ Kf8 28. Rxe6 fxe6 29. Rc3 Ba4 30. e5 Rd8 31. Nd6 Bxd6 32. exd6 Rxd6 33.
Be4 h6 34. Rc8+ Kg7 35. Kg2 a5 36. Rb8 Kf6 37. Kf3 Bd7 38. Ke3 e5 39. h4 a4 40.
Bd3 Ke7 41. f3 Be6 42. g4 Kf6 43. Rh8 Rd4 44. Rxh6+ Ke7 45. g5 Rb4 46. g6 Rxb2
47. g7 Bd5 48. Rg6 a3 49. g8=Q Bxg8 50. Rxg8 b5 51. Ra8 b4 52. h5 a2 53. h6 b3
54. Bc4 Rc2 55. h7 Rh2 56. Bxb3 Rxh7 57. Rxa2 Kf6 58. Ra6+ Kg5 59. Bc2 Rc7 60.
Bd3 Rc5 61. Rg6+ Kh5 62. Rg1 Kh6 63. Ke4 Kh5 64. Ba6 Kh4 65. Bb7 Kh3 66. Bd5
Kh2 67. Rg8 1-0

[Event "5. Torneo IRT Móstoles 2012"]
[Site "Madrid ESP"]
[Date "2012.07.23"]
[Round "5.4"]
[White "Lopez de Turiso, Jose Angel"]
[Black "Rodriguez De Castro, Ayar"]
[Result "1/2-1/2"]
[WhiteElo "2044"]
[BlackElo "2167"]
[PlyCount "85"]
[EventDate "2012.07.19"]
[EventType "swiss"]
[EventRounds "9"]
[EventCountry "ESP"]
[Source "lmi"]
[SourceDate "2012.07.19"]

1. Nf3 d5 2. d4 Nf6 3. Bf4 e6 4. e3 Be7 5. h3 a6 6. Bd3 c5 7. c3 Bd7 8. Nbd2
Nc6 9. Ne5 b5 10. Rc1 Rc8 11. g4 g6 12. Qf3 cxd4 13. g5 dxc3 14. bxc3 Nh5 15.
Nxf7 Nxf4 16. Qxf4 e5 17. Nxe5 Rf8 18. Nxc6 Bxc6 19. Qe5 Qd6 20. Qxd6 Bxd6 21.
O-O Bd7 22. h4 Be5 23. Nb1 Rf3 24. Kg2 Rf7 25. f4 Bg7 26. h5 Bf5 27. hxg6 hxg6
28. Bxf5 Rxf5 29. Kf3 Rf7 30. Rfd1 Rd7 31. Rd3 b4 32. Ke2 Rc5 33. Nd2 Rxc3 34.
Rdxc3 bxc3 35. Nb3 d4 36. Nxd4 Bxd4 37. exd4 Rxd4 38. Rxc3 Rxf4 39. Rc6 Ra4 40.
Rxg6 Rxa2+ 41. Kf3 Ra4 42. Rg7 Kf8 43. Ra7 1/2-1/2

[Event "5. Torneo IRT Móstoles 2012"]
[Site "Madrid ESP"]
[Date "2012.07.23"]
[Round "5.5"]
[White "Gal, Eugen"]
[Black "Collado Barbas, Laura"]
[Result "1/2-1/2"]
[WhiteElo "2030"]
[BlackElo "2118"]
[PlyCount "47"]
[EventDate "2012.07.19"]
[EventType "swiss"]
[EventRounds "9"]
[EventCountry "ESP"]
[Source "lmi"]
[SourceDate "2012.07.19"]

1. e4 e6 2. d4 d5 3. Nc3 Nc6 4. Nf3 Nf6 5. Bg5 Be7 6. Bxf6 Bxf6 7. e5 Be7 8. a3
a5 9. Bd3 Bd7 10. Ne2 Na7 11. c3 c5 12. O-O c4 13. Bc2 b5 14. Qd2 Nc6 15. Qf4
g5 16. Qe3 g4 17. Ne1 Bg5 18. f4 gxf3 19. Qxf3 Qe7 20. Qh5 O-O-O 21. Qxf7 Be3+
22. Kh1 Qh4 23. Nf3 Qh6 24. Qf6 1/2-1/2

[Event "5. Torneo IRT Móstoles 2012"]
[Site "Madrid ESP"]
[Date "2012.07.23"]
[Round "5.6"]
[White "Cabañas Jimenez, Manuel"]
[Black "Pablos Tenrero, Raquel"]
[Result "1-0"]
[WhiteElo "2108"]
[BlackElo "1960"]
[PlyCount "93"]
[EventDate "2012.07.19"]
[EventType "swiss"]
[EventRounds "9"]
[EventCountry "ESP"]
[Source "lmi"]
[SourceDate "2012.07.19"]

1. e4 c6 2. d4 d5 3. f3 dxe4 4. fxe4 e5 5. Nf3 Bg4 6. Bc4 Nd7 7. O-O Ngf6 8. c3
Bd6 9. Qe1 O-O 10. Kh1 Qc7 11. Qh4 Bh5 12. Bg5 Bg6 13. Nbd2 Rae8 14. Rae1 b5
15. Bb3 c5 16. dxe5 Nxe5 17. Bxf6 Nxf3 18. Nxf3 gxf6 19. Qxf6 Be7 20. Qe5 Qxe5
21. Nxe5 Bh4 22. Nxg6 hxg6 23. g3 Bg5 24. Bd5 Re5 25. h4 Bd8 26. Rf4 Kg7 27.
Ref1 f5 28. g4 Bxh4 29. gxf5 Rh8 30. Rg4 Bf6+ 31. Kg2 g5 32. Rg3 Rh4 33. Rd1
Re7 34. Rh1 Rxh1 35. Kxh1 a5 36. Kg2 Kh6 37. Rh3+ Kg7 38. Kf3 b4 39. Kg4 Re8
40. Rh5 bxc3 41. bxc3 Rh8 42. Rxg5+ Bxg5 43. Kxg5 Rh3 44. f6+ Kf8 45. e5 Rxc3
46. e6 Rd3 47. e7+ 1-0

[Event "5. Torneo IRT Móstoles 2012"]
[Site "Madrid ESP"]
[Date "2012.07.23"]
[Round "5.7"]
[White "Rosa Ramirez, Victor D"]
[Black "Arbunic Castro, Giovanna"]
[Result "0-1"]
[WhiteElo "1944"]
[BlackElo "2098"]
[PlyCount "68"]
[EventDate "2012.07.19"]
[EventType "swiss"]
[EventRounds "9"]
[EventCountry "ESP"]
[Source "lmi"]
[SourceDate "2012.07.19"]

1. e4 c5 2. c3 d5 3. exd5 Qxd5 4. d4 cxd4 5. cxd4 Nc6 6. Nf3 Bg4 7. Be2 e6 8.
O-O Nf6 9. h3 Bh5 10. Nc3 Qd6 11. Nb5 Qb8 12. g3 Nd5 13. Bc4 a6 14. Bxd5 axb5
15. Bb3 Nxd4 16. Qxd4 Bxf3 17. Qe3 Bc6 18. Bxe6 Be7 19. Bb3 Kf8 20. Bd2 Bd6 21.
Rad1 b4 22. Qd3 Qc7 23. Be1 Bc5 24. Kh2 Qe7 25. Rc1 h5 26. Qf5 Bd6 27. Bd2 g6
28. Qd3 h4 29. Qd4 Rh7 30. Rce1 Qd7 31. Be6 Bxg3+ 32. fxg3 hxg3+ 33. Kxg3 Qxd4
34. Bh6+ Kg8 0-1